000 00282nam a2200109Ia 4500
008 200302s9999 xx 000 0 und d
100 _aingrid D. Rowland & Other
245 _aArchitecture Style, Structure and Design
260 _bJ G Press Ltd.
260 _c1982
300 _a224 P.,
999 _c1020
_d1020